000 01617nam a2200289Ia 4500
999 _c54895
_d54895
001 21964
003 GE_BSU
005 20220915133228.0
008 181216s1984||||ge |||||||||||||| ||geo||
040 _cGE_BSU
041 _ageo
080 _a821.353.1.091:821.111 შ-95
100 _aშარაძე, გურამ
_91431
245 _aბედნიერებისა და სათნოების საუნჯე :
_bუორდროპები და საქართველო /
_cგურამ შარაძე ; რედ. გიორგი ბედინეიშვილი.
264 _aთბილისი :
_bსაბჭ. საქართველო,
_c1984.
300 _a493. გვ. :
_b ილ. 4 ფ. ;
_c20 სმ.
501 _aპირთა საძიებელი გვ. : 482-492
541 _h10ლ.
546 _aრეზიუმე რუსულ და ინგლისურ ენებზე
653 _aბედნიერებისა და სათნოების საუნჯე
653 _a უორდროპები და საქართველო
653 _aლიტერატურა
653 _aსაქართველო-ინგლისის ურთიერთობების ისტორია
653 _aქართულ-ინგლისური ლიტერატურული ურთიერთობები
700 _aბედინეიშვილი, გიორგი
_eრედაქტორი
_914610
942 _cBK
_2udc